000 00497nam a2200181Ia 4500
008 131103s9999 xx 000 0 und d
040 _aLoreto College
041 _aEnglish
082 _a372/LAN
_bLCBED/1715
100 _aLane S M
245 3 _aAn approach to creative writing in the primary school
_cS M Lane & M Kemp
260 _aLondon
_bBlackie
_c1967
300 _a115p.
_b ill.
_c 21cm.
650 _aElementary education
700 _aKemp M
850 _aLCBED/372/LAN
942 _cBK
999 _c26229
_d76708